LEADER 00900nam0-22002771i-450- 001 990006762340403321 005 20001010 035 $a000676234 035 $aFED01000676234 035 $a(Aleph)000676234FED01 035 $a000676234 100 $a20001010d--------km-y0itay50------ba 101 0 $aita 105 $ay-------001yy 200 1 $aGuida sanitaria per i Tropici$enozioni sulla protezione e la lotta contro alcune importanti malattie infettive in paesitropicali ..$fSilvio Pampiglione$gdisegni di Wolfgango Peretti Poggi 210 $aRoma$cIstituto Italo-Africano$d1974. 215 $a104 p. ill. 15x21 cm 700 1$aPampiglione,$bSilvio$078419 801 0$aIT$bUNINA$gRICA$2UNIMARC 901 $aBK 912 $a990006762340403321 952 $aXXXI VARIE 128$b11456$fFSPBC 959 $aFSPBC 996 $aGuida sanitaria per i Tropici$9631378 997 $aUNINA DB $aGEN01 LEADER 00903nam0-22003371i-450- 001 990007853360403321 005 20041026152913.0 010 $a3-406-48384-4 035 $a000785336 035 $aFED01000785336 035 $a(Aleph)000785336FED01 035 $a000785336 100 $a20040129d2002----km-y0itay50------ba 101 0 $ager 102 $aDE 105 $ay---n---001yy 200 1 $aAktiengesetz$ferläutert von Uwe Hüffer 205 $a5. neubearbeitete auflage 210 $aMünchen$cC.H. Beck$d2002 215 $aXXXIII, 1844 p.$d21 cm 225 1 $aBeck'sche Kurz=Kommentare$v53 516 1 $aAktG 676 $a346.430 66$v21$zita 700 1$aHüffer,$bHermann$0387867 801 0$aIT$bUNINA$gRICA$2UNIMARC 901 $aBK 912 $a990007853360403321 952 $aXVIII 32 (53)$b45899*$fFGBC 959 $aFGBC 996 $aAktiengesetz$9671275 997 $aUNINA